LEADER 03397nam 2200637 450 001 9910797899003321 005 20230727223634.0 010 $a90-04-30615-3 024 7 $a10.1163/9789004306158 035 $a(CKB)3710000000493082 035 $a(EBL)4397588 035 $a(SSID)ssj0001579147 035 $a(PQKBManifestationID)16254720 035 $a(PQKBTitleCode)TC0001579147 035 $a(PQKBWorkID)12378817 035 $a(PQKB)11280158 035 $a(MiAaPQ)EBC4397588 035 $a(nllekb)BRILL9789004306158 035 $a(EXLCZ)993710000000493082 100 $a20160616h20162016 uy 0 101 0 $aeng 135 $aur|n|---||||| 181 $ctxt$2rdacontent 182 $cc$2rdamedia 183 $acr$2rdacarrier 200 10$aMediterranean wooden shipbuilding $eeconomy, technology and institutions in Syros in the nineteenth century /$fApostolos Delis 210 1$aLeiden ;$aBoston :$cBrill,$d2016. 210 4$dİ2016 215 $a1 online resource (345 pages) 225 1 $aBrill's Studies in Maritime History,$x2405-4917 ;$vVolume 2 311 0 $a90-04-30614-5 320 $aIncludes bibliographical references and index. 327 $aPreliminary Material -- Introduction -- 1 The City and the Maritime Centre -- 2 Syros Shipbuilding: An Industry before Industrialization -- 3 Production, Productivity, and Performance of the Shipbuilding Industry -- 4 The Production Process -- 5 The Demand: Shipowners and Investors -- 6 Factors of Production -- Conclusions -- Appendices -- Sources and Bibliography -- Index. 330 $aIn Mediterranean Wooden Shipbuilding: Economy, Technology and Institutions in Syros in the Nineteenth Century Apostolos Delis analyses the wooden shipbuilding industry of the port of Syros, an important maritime and commercial crossroad in the nineteenth century eastern Mediterranean. The main axes of analysis are the economic, technical and institutional aspects of the industry in relation to the wider international context of shipping and trade. Based on unpublished archival sources, multi-language secondary literature and the employment of interdisciplinary theoretical tools Apostolos Delis not only highlights the national and international significance of Syros? shipbuilding industry, but also contributes novel material to our knowledge of wooden shipbuilding in the Mediterranean. 410 0$aBrill's studies in maritime history ;$v2. 606 $aShipbuilding industry$zGreece$zSyros$xHistory$y19th century 606 $aShips, Wooden$zGreece$zSyros$xHistory$y19th century 606 $aShips, Wooden$zGreece$zSyros$xDesign and construction 606 $aSailing ships$zGreece$zSyros$xHistory$y19th century 606 $aShipyards$zGreece$zSyros$xHistory$y19th century 607 $aHermoupolis (Greece)$xEconomic conditions$y19th century 607 $aSyros Island (Greece)$xHistory, Naval$y19th century 615 0$aShipbuilding industry$xHistory 615 0$aShips, Wooden$xHistory 615 0$aShips, Wooden$xDesign and construction. 615 0$aSailing ships$xHistory 615 0$aShipyards$xHistory 676 $a623.8207 700 $aDelis$b Apostolos$01471570 801 0$bMiAaPQ 801 1$bMiAaPQ 801 2$bMiAaPQ 906 $aBOOK 912 $a9910797899003321 996 $aMediterranean wooden shipbuilding$93683913 997 $aUNINA